Major Cities Mapped: UNITED KINGDOM + IRELAND Quiz Stats

 Plays Quiz not verified by Sporcle

Challenge
Share
Tweet
Score 0/121 Timer 13:00
0 Plays Today
% Correct
London
95.4%
Dublin
95.2%
Glasgow
94.7%
Belfast
94.3%
Edinburgh
94.2%
Manchester
92.1%
Liverpool
91.7%
Cardiff
90.4%
Newcastle upon Tyne
89.2%
Aberdeen
88.9%
Birmingham
88.6%
Cork
88.4%
Leeds
87%
Swansea
85.7%
Bristol
85.4%
Southampton
82.8%
Oxford
81.1%
Portsmouth
81.1%
Cambridge
80.6%
Brighton and Hove
80%
Londonderry
79.5%
Norwich
79%
Sheffield
78.8%
Kingston upon Hull
78.8%
York
78.5%
Dundee
78%
Plymouth
77.7%
Leicester
76.7%
Nottingham
76%
Exeter
73.8%
Sunderland
72.9%
Blackpool
71%
Ipswich
70.7%
Chester
69.8%
Reading
69.5%
Derby
68.5%
Bath
68.1%
Bournemouth
67.4%
Stoke-on-Trent
67.1%
Wolverhampton
67.1%
Coventry
66.7%
% Correct
Gloucester
66%
Bradford
64.9%
Northampton
63.4%
Galway
62.6%
Newport
62.2%
Carlisle
62%
Lincoln
61.4%
Middlesbrough
60.2%
Bolton
57.6%
Milton Keynes
56.4%
Luton
55.2%
Preston
55%
Peterborough
54.7%
Blackburn
53.9%
Swindon
53%
Watford
52.9%
Southend-on-Sea
52.2%
Worcester
52.2%
Wigan
50.5%
Colchester
49%
Poole
48.7%
Doncaster
47.3%
Huddersfield
47%
Burnley
44.5%
Cheltenham
43.2%
Grimsby
43.2%
Hastings
41.8%
Salford
41.4%
Oldham
41.4%
Slough
41.3%
Warrington
40.5%
Barnsley
40.1%
Chesterfield
39.6%
Rotherham
39.5%
Bedford
38.4%
Eastbourne
37.6%
Wakefield
37.5%
Chelmsford
36.7%
St. Albans
36.5%
Paisley
36%
Hartlepool
35.4%
% Correct
Birkenhead
35.2%
Gateshead
35%
Darlington
34.6%
Stockport
34.3%
Southport
34.1%
Bury
33.8%
Halifax
33.7%
St. Helens
32.6%
Crawley
32.4%
Dudley
31.7%
Weston-super-Mare
31.4%
Telford
31.4%
Maidstone
31.2%
Rochdale
30.9%
Gillingham
29.5%
Woking
29.3%
Mansfield
28.4%
Solihull
27.9%
Basingstoke
27.6%
Guildford
27.1%
Stockton-on-Tees
26.6%
Scunthorpe
26.2%
Sale
25.2%
High Wycombe
24.4%
South Shields
24.3%
Basildon
23.9%
Stevenage
23.7%
Worthing
22.5%
Hemel Hempstead
21.9%
Sutton Coldfield
20.6%
Nuneaton
19.7%
Eastleigh
18.1%
Newcastle-under-Lyme
15.6%
Redditch
15.2%
Harlow
15.2%
Chatham
14.5%
Rayleigh
11.8%
Bracknell
11.2%
Batley
7.3%

You're not logged in!

Compare scores with friends on all Sporcle quizzes.
Join for Free
OR
Log In

You Might Also Like...

Show Comments

Extras

Top Quizzes Today


Score Distribution

Your Account Isn't Verified!

In order to create a playlist on Sporcle, you need to verify the email address you used during registration. Go to your Sporcle Settings to finish the process.

Report this User

Report this user for behavior that violates our Community Guidelines.

Details: